| 000 | 00415cam a2200157ua 4500 | ||
|---|---|---|---|
| 041 |
_amal _h |
||
| 082 |
_a894.812301 _bVAR/SA |
||
| 100 | _aVarkey, Ponkunnam. | ||
| 245 |
_aSabdikkunna kalappa / _cPonkunnam Varkey. _hTextual Documents |
||
| 250 |
_a1 / _b. |
||
| 260 |
_aKottayam : _bSahitya Pravarthaka Co-operative Society , _c1962. |
||
| 300 | _a150 ; . | ||
| 504 | _a | ||
| 942 | _cBK | ||
| 999 |
_c11499 _d11499 |
||